UBT Library

KNOWLEDGE ENGINEERING IN AGRICULTURE (Record no. 38354)

000 -LEADER
fixed length control field 00276nam a22001217a 4500
008 - FIXED-LENGTH DATA ELEMENTS--GENERAL INFORMATION
fixed length control field 171123b xxu||||| |||| 00| 0 eng d
041 ## - LANGUAGE CODE
Language code of text/sound track or separate title eng
080 ## - UNIVERSAL DECIMAL CLASSIFICATION NUMBER
Universal Decimal Classification number 62
100 ## - Rafti
Rafti 27
101 ## - Shkurtesa
Shkurtesa MEK
245 ## - TITLE STATEMENT
Title KNOWLEDGE ENGINEERING IN AGRICULTURE
Statement of responsibility, etc BARRETT,J.R
942 ## - ADDED ENTRY ELEMENTS (KOHA)
Source of classification or shelving scheme
Item type Books
Holdings
Withdrawn status Lost status Source of classification or shelving scheme Damaged status Not for loan Collection code Permanent location Current location Shelving location Date acquired Total Checkouts Full call number Barcode Date last seen Price effective from Koha item type
          Koleksioni i përgjithshem UBT - Ferizaj UBT - Ferizaj Koleksioni i përgjithshem 11/23/2017   62 BAR 002-2938390 12/08/2017 11/23/2017 Books
UBT Library © 2015-2024. All rights reserved University Education for Business and Technology